[Event "Stay Safe Play From Home 361"]
[Site "Emanuel Lasker Arena"]
[Date "2020.08.06"]
[Round "8"]
[White "Lamborghini"]
[Black "AChessPlayer"]
[Result "1-0"]
[WhiteElo "2270"]
[BlackElo "2440"]
[Annotator "TA"]
[PlyCount "135"]
[EventDate "2020.08.06"]
[EventType "swiss (blitz)"]

{[%evp 11,134,19,25,23,31,16,14,13,56,49,57,45,43,31,44,29,28,12,45,23,32,29,55,38,45,14,35,25,48,49,54,54,66,43,57,52,62,65,70,70,118,61,61,67,64,34,41,17,27,26,129,27,27,27,44,41,62,54,180,62,43,10,15,0,200,197,173,156,156,156,159,142,160,112,169,174,174,152,229,167,167,167,167,166,166,167,167,167,1042,854,772,658,29979,29980,29980,29981,29980,29981,29981,29982,29983,29981,29981,29982,29982,29982,29983,29984,29984,29985,29987,29988,29993,29994,29994,29995,29995,29996,29996,29995,29997,29998,29998,29999,29999]} 1. e4 c6 2. d4 d5 3. Nc3 dxe4 4. Nxe4 Nf6 5. Nxf6+ exf6 6. Bc4 Be7 7. Nf3 {B15: Caro-Kann: 3 Nc3: 3...g6 and 3...dxe4 4 Nxe4 Nf6 5 Nxf6+ exf6.} O-O 8. h3 Nd7 9. O-O {The position is equal.} Nb6 {[#]} 10. Bd3 $146 ({Predecessor:} 10. Bb3 Nd5 11. c4 Nc7 12. Bc2 g6 13. b3 Rb8 14. Re1 Be6 15. Bd3 Re8 16. Be3 {0-1 (40) Glaser,M (1806)-Etlender,R (2069) Regensburg 2018}) 10... Re8 11. c4 Nd7 12. Be3 Nf8 13. Qc2 Bd6 14. Rfd1 g6 15. Bf1 Bf5 16. Qb3 Qc8 17. Rac1 Qc7 18. a4 a5 19. d5 {next c5 is good for White.} c5 20. Bd3 Bxd3 21. Qxd3 b6 22. Nd2 Nd7 23. Nb1 Ne5 24. Qf1 f5 25. Nc3 Qd7 26. Nb5 (26. Bg5 $16) 26... f6 27. Bd2 Nf7 28. Bc3 (28. b3 {with more complications.} Re4 29. f3 Re7 30. f4 Rae8 31. Re1) 28... Be5 29. Bxe5 (29. Qd3 {is interesting.} Re7 30. Re1 Rae8 31. Rcd1 Nd6 32. b3) 29... fxe5 30. d6 Re6 (30... Rab8 $11 {remains equal.}) 31. Rd5 (31. Nc7 $16 Rd8 32. Nxe6 Qxe6 33. Rd5) 31... Rd8 32. Rcd1 Kg7 33. Qe2 Qc6 34. b3 Rd7 (34... Kf8 $14) 35. Qb2 (35. Nc7 $18 Rxc7 36. dxc7) 35... Kg8 $14 36. f3 Qc8 37. Nc7 Re8 $2 {[#] Black is on the road to losing.} (37... Rexd6 $11 {and Black is okay.} 38. Rxd6 Rxd6 39. Rxd6 Nxd6) 38. Nxe8 $18 Qxe8 39. Re1 Qe6 40. Qd2 Kg7 41. f4 {[%cal Rf4e5]} e4 42. Qc3+ Qf6 (42... Kf8 $16) 43. Qxf6+ Kxf6 {[%mdl 4096] Endgame KRR-KRN} 44. Red1 Ke6 (44... Nd8 $16 45. Kf2 Nc6) 45. Kf2 Rxd6 46. Rxd6+ Nxd6 {KR-KN} 47. Ke3 Ke7 48. g4 Ne8 49. Rd5 Nf6 $2 (49... Nc7 50. Rd2 Ne8) 50. Re5+ Kf7 51. gxf5 gxf5 52. Rxf5 {White mates.} Kg6 {[#]} 53. Rxf6+ $1 {[%mdl 512]} Kxf6 54. Kxe4 {KP-KP} Ke6 55. f5+ Kf6 56. Kf4 h6 57. h4 h5 58. Ke4 Kf7 59. Ke5 Ke7 60. f6+ Kf7 61. Kf5 Kf8 62. Ke6 Ke8 63. f7+ Kf8 64. Kf6 b5 65. cxb5 c4 66. b6 cxb3 67. b7 {[%cal Rb7b8]} b2 68. b8=Q# {Accuracy: White = 83%, Black = 69%.} 1-0

[Event "Stay Safe Play From Home 361"]
[Site "Emanuel Lasker Arena"]
[Date "2020.08.06"]
[Round "8"]
[White "Little champs"]
[Black "Gokerkan"]
[Result "0-1"]
[WhiteElo "2139"]
[BlackElo "2588"]
[Annotator "TA"]
[PlyCount "62"]
[EventDate "2020.08.06"]
[EventType "swiss (blitz)"]

{[%evp 17,62,-29,-29,-48,-56,-48,-41,-60,-37,-107,-110,-114,-88,-76,-61,-56,-54,-74,-74,-88,-60,-91,-97,-136,-75,-81,-87,-218,-221,-671,-669,-683,-669,-701,-701,-738,-733,-702,-668,-662,-655,-658,-632,-712,-711,-685,-647]} 1. d4 c5 2. e3 cxd4 3. exd4 Nf6 4. Nf3 g6 5. Be2 Bg7 6. O-O O-O 7. c4 d5 8. Nc3 Nc6 9. cxd5 Nxd5 10. Bc4 {A35: Symmetrical English: 2 Nc3 Nc6 3 Nf3.} Nb6 11. Be2 Nxd4 12. Nxd4 {Black is slightly better.} Qxd4 {[#]} 13. Qc2 $146 (13. Qxd4 $15 Bxd4 14. Rd1) ({Predecessor:} 13. Qxd4 Bxd4 14. Bf3 a6 15. Rd1 Bg7 16. Bf4 e5 17. Be3 Nc4 18. Bc5 Re8 19. Bd5 {0-1 (34) Korell,K (1852)-Kutschke,J (1985) Berlin 2017}) 13... Bf5 $17 14. Qb3 Rfd8 15. Be3 Qf6 16. Rad1 h5 17. h3 Be6 18. Qb5 Bd7 19. Qb3 Bc6 20. Nb5 Qxb2 (20... Rxd1 $142 21. Rxd1 Qxb2 22. Qxb2 Bxb2) 21. Qxb2 Bxb2 22. Nd4 {Loses the game.} (22. Rxd8+ $17 {was the only chance.} Rxd8 23. Nxa7) 22... Ba4 $19 23. Rb1 $2 {[#]} (23. Rd2 Bc3 24. Rd3) 23... Bxd4 {Black is clearly winning.} 24. Bxd4 Rxd4 25. Bf3 Bc6 26. Bxc6 bxc6 27. Rfc1 Rc4 28. Rxc4 Nxc4 29. Rc1 Nb6 30. Rxc6 Rc8 31. Rxc8+ Nxc8 {Accuracy: White = 40%, Black = 67%.} 0-1

[Event "Stay Safe Play From Home 361"]
[Site "Emanuel Lasker Arena"]
[Date "2020.08.06"]
[Round "8"]
[White "SelamiSahin"]
[Black "Edmatuag"]
[Result "1-0"]
[WhiteElo "2099"]
[BlackElo "1681"]
[Annotator "TA"]
[PlyCount "87"]
[EventDate "2020.08.06"]
[EventType "swiss (blitz)"]

{[%evp 11,87,10,20,13,13,13,12,11,14,-6,43,10,12,8,29,31,32,30,27,26,183,183,170,176,175,168,191,195,173,180,179,163,193,193,209,167,176,167,164,150,191,186,202,210,197,189,241,231,234,234,311,313,720,351,510,510,717,713,921,918,711,184,533,520,29984,29985,29985,29986,29990,29991,29992,29991,29991,29991,29991,29992,29994,29992]} 1. d4 d5 2. c4 c6 3. Nc3 Nf6 4. Nf3 e6 5. g3 Bb4 6. Bg2 Nbd7 7. O-O {E01: Catalan: Early deviations.} O-O 8. Qc2 Re8 9. Bg5 {The position is equal.} h6 {[#]} 10. Bf4 $146 ({Predecessor:} 10. Bxf6 Nxf6 11. a3 Bf8 12. Rfd1 b6 13. e4 Bb7 14. e5 Nd7 15. cxd5 exd5 16. Nh4 {0-1 (40) Shushunov,A (1716)-Zakirov,V (2099) Voronezh 2019}) 10... Nh5 11. Bc1 Nhf6 12. b3 e5 (12... b6 {looks sharper.} 13. Rd1 Bb7 14. Bb2 Qc7 15. Rac1 Rac8) 13. dxe5 Nxe5 14. Nxe5 Rxe5 15. cxd5 Bxc3 $2 {This costs Black the game.} (15... cxd5 $11 16. Bf4 Bxc3 17. Qxc3 Rxe2) 16. Qxc3 $18 {[%mdl 64] [#] Double Attack} Rxd5 17. Bxd5 Nxd5 18. Qe5 Be6 19. Bb2 {[%csl Gb2][%cal Re5g7]} Qg5 20. Qxg5 hxg5 21. Rad1 Bh3 22. Rfe1 f6 23. a3 Ne7 24. Rd6 {Hoping for f3.} Kf7 25. Red1 Re8 26. Rd8 Nd5 27. Rxe8 Kxe8 {[%mdl 4096] Endgame KRB-KBN} 28. e4 Nb6 (28... Nc7 $142 29. f3 Be6) 29. f4 gxf4 30. gxf4 Ke7 31. Kf2 Ke6 $2 (31... g6 32. Bd4 Nc8) 32. Ke3 (32. Kg3 $142) 32... Bg4 (32... g5 {might work better.} 33. fxg5 fxg5) 33. f5+ Ke7 34. Rg1 Bh5 35. Rxg7+ Bf7 36. b4 $2 (36. h4) 36... Nd7 $2 (36... Nc4+ {is tougher.} 37. Kd4 Nxb2) 37. h4 {[#] And now h5 would win.} Ne5 (37... Kf8 $18 38. Rg3 Bh5) 38. Bxe5 {White mates.} fxe5 {KR-KB} 39. h5 Kf6 40. h6 Bb3 41. Rxb7 Bg8 42. h7 Bxh7 43. Rxh7 a5 44. Ra7 {Accuracy: White = 80%, Black = 40%.} 1-0

[Event "Stay Safe Play From Home 361"]
[Site "Emanuel Lasker Arena"]
[Date "2020.08.06"]
[Round "8"]
[White "Stefanone"]
[Black "Uber_WING"]
[Result "0-1"]
[WhiteElo "1949"]
[BlackElo "2415"]
[Annotator "TA"]
[PlyCount "30"]
[EventDate "2020.08.06"]
[EventType "swiss (blitz)"]

{[%evp 9,30,28,47,0,0,0,0,-3,59,0,0,0,0,-29,0,0,-14,-281,-190,-3048,-387,-2998,-2875]} 1. d4 c5 2. e3 cxd4 3. exd4 e5 {[#]} 4. Nf3 $146 ({Predecessor:} 4. dxe5 Qa5+ 5. c3 Qxe5+ 6. Qe2 d6 7. Qxe5+ dxe5 8. Bb5+ Bd7 9. Bxd7+ Nxd7 10. Ne2 Bc5 11. O-O {1-0 (56) Hardwick,M (1284)-Hunt,J (1510) ICCF email 2016}) 4... e4 5. Ne5 d6 6. Ng4 {A43: Schmid Benoni.} (6. Bb5+ {keeps more tension.} Nd7 7. Ng4 a6 8. Ba4 b5 9. Bb3) 6... Bxg4 7. Qxg4 Nf6 8. Qd1 {The position is equal.} Nc6 (8... d5 $11) 9. c3 (9. d5 $1 $14) 9... d5 $11 10. Be2 Bd6 11. O-O h5 12. f3 Qc7 $36 {[%mdl 2048] Black has the initiative.} 13. g3 $2 {[%mdl 8192] [#]} (13. h3 $11 {and White stays safe.}) 13... Bxg3 $1 {[%mdl 512]} 14. hxg3 $2 (14. f4 Bh4 15. Na3) 14... Qxg3+ $19 15. Kh1 {[#] White wants to play Qe1.} Ng4 $1 {[%mdl 512] Accuracy: White = 43%, Black = 76%.} 0-1

[Event "Stay Safe Play From Home 361"]
[Site "Emanuel Lasker Arena"]
[Date "2020.08.06"]
[Round "8"]
[White "James Harcourt"]
[Black "Greblah"]
[Result "0-1"]
[WhiteElo "1335"]
[BlackElo "1839"]
[Annotator "NA RC"]
[PlyCount "72"]
[EventDate "2020.08.06"]
[EventType "swiss (blitz)"]

1. e4 {[%emt 0:00:04]} c6 {[%emt 0:00:00]} 2. f4 {[%emt 0:00:00]} d5 {[%emt 0:00:00]} 3. Nf3 {[%emt 0:00:01]} dxe4 {[%emt 0:00:01]} 4. Ng5 {[%emt 0:00:00]} f5 {[%emt 0:00:01]} 5. h4 {[%emt 0:00:00]} Nf6 {[%emt 0:00:01]} 6. Nf7 {[%emt 0:00:01]} Kxf7 {[%emt 0:00:01]} 7. Bc4+ {[%emt 0:00:00]} e6 {[%emt 0:00:01]} 8. Bxe6+ {[%emt 0:00:01]} Bxe6 {[%emt 0:00:01]} 9. O-O {[%emt 0:00:00]} g6 {[%emt 0:00:01]} 10. Nc3 {[%emt 0:00:01]} Bc5+ {[%emt 0:00:00]} 11. d4 {[%emt 0:00:01]} Qxd4+ {[%emt 0:00:02]} 12. Qxd4 {[%emt 0:00:01]} Bxd4+ {[%emt 0:00:01]} 13. Kh1 {[%emt 0:00:02]} Ng4 {[%emt 0:00:01]} 14. Ne2 {[%emt 0:00:05]} Rd8 {[%emt 0:00:04]} 15. c3 {[%emt 0:00:01]} Bb6 {[%emt 0:00:01]} 16. g3 {[%emt 0:00:05]} Nf2+ {[%emt 0:00:03]} 17. Rxf2 {[%emt 0:00:01]} Bxf2 {[%emt 0:00:01]} 18. Bd2 {[%emt 0:00:02]} Rxd2 {[%emt 0:00:01]} 19. Re1 {[%emt 0:00:01]} Bxe1 {[%emt 0:00:01]} 20. Ng1 {[%emt 0:00:02]} Rd1 {[%emt 0:00:01]} 21. Kh2 {[%emt 0:00:01]} Bxg3+ {[%emt 0:00:01]} 22. Kxg3 {[%emt 0:00:01]} Rxg1+ {[%emt 0:00:01]} 23. Kf2 {[%emt 0:00:01]} Rb1 {[%emt 0:00:00]} 24. b4 {[%emt 0:00:02]} Rb2+ {[%emt 0:00:00]} 25. Ke3 {[%emt 0:00:03]} Rxa2 {[%emt 0:00:00]} 26. c4 {[%emt 0:00:01]} Nd7 {[%emt 0:00:01]} 27. b5 {[%emt 0:00:01]} cxb5 {[%emt 0:00:01]} 28. Kd4 {[%emt 0:00:01]} Rd2+ {[%emt 0:00:02]} 29. Ke3 {[%emt 0:00:03]} Rd3+ {[%emt 0:00:01]} 30. Ke2 {[%emt 0:00:02]} bxc4 {[%emt 0:00:00]} 31. h5 {[%emt 0:00:01]} gxh5 {[%emt 0:00:01]} 32. Kf2 {[%emt 0:00:02]} c3 {[%emt 0:00:01]} 33. Kg2 {[%emt 0:00:01]} c2 {[%emt 0:00:01]} 34. Kf2 {[%emt 0:00:01]} c1=Q {[%emt 0:00:01]} 35. Ke2 {[%emt 0:00:00]} Qc2+ {[%emt 0:00:01]} 36. Ke1 {[%emt 0:00:02]} Rd1# {[%emt 0:00:01] Mate Mate Mate Mate Mate} 0-1

[Event "Stay Safe Play From Home 361"]
[Site "Emanuel Lasker Arena"]
[Date "2020.08.06"]
[Round "9"]
[White "Gokerkan"]
[Black "Stefanone"]
[Result "1-0"]
[WhiteElo "2590"]
[BlackElo "1947"]
[Annotator "TA"]
[PlyCount "43"]
[EventDate "2020.08.06"]
[EventType "swiss (blitz)"]

{[%evp 9,43,19,58,39,69,22,112,108,217,208,190,209,190,166,284,216,286,267,290,291,290,285,281,282,611,537,747,735,914,899,847,214,747,742,1931,1890]} 1. e4 e6 2. d4 b6 3. Nc3 Bb7 4. Nf3 Nf6 5. Bd3 Be7 6. O-O {B00: Queen's Fianchetto Defence, Nimzowitsch Defence.} d5 7. Re1 $5 {[%mdl 4] [#] Exploring less charted territory.} c5 $146 (7... Nxe4 $11 {keeps the balance.} 8. Nxe4 dxe4 9. Bxe4 Bxe4 10. Rxe4 O-O) ({Predecessor:} 7... dxe4) 8. exd5 $16 {White is better.} Nxd5 (8... exd5 $16 {was necessary.} 9. Bb5+ Kf8) 9. Nxd5 $18 Bxd5 10. c4 Bb7 11. d5 $1 exd5 (11... O-O $142) 12. Qe2 d4 13. Be4 Bxe4 14. Qxe4 Nd7 15. Bg5 {[%cal Rg5e7]} f6 16. Bf4 {[#] Hoping for Bc7!} Kf8 $2 (16... O-O 17. Qxe7 Qxe7 18. Rxe7 Rf7) 17. Re2 Ne5 18. Bxe5 fxe5 19. Nxe5 Bf6 20. Nd3 $2 {[#]} (20. Qb7 {[%csl Ge5][%cal Rb7f7]} Bxe5 21. Rxe5) 20... Qe8 $2 (20... Rc8 21. Qg4 h5) 21. Qf3 Qd7 22. Qxa8+ {White took control after the opening. Accuracy: White = 70%, Black = 21%.} 1-0

[Event "Stay Safe Play From Home 361"]
[Site "Emanuel Lasker Arena"]
[Date "2020.08.06"]
[Round "9"]
[White "Uber_WING"]
[Black "SelamiSahin"]
[Result "1-0"]
[WhiteElo "2417"]
[BlackElo "2102"]
[Annotator "TA"]
[PlyCount "93"]
[EventDate "2020.08.06"]
[EventType "swiss (blitz)"]

{[%evp 9,93,-53,-41,-37,20,-38,37,39,69,60,64,37,58,56,35,25,10,19,159,101,122,108,195,214,331,85,100,77,102,110,79,54,56,47,44,51,142,156,145,59,143,29,189,232,186,-103,154,-122,648,591,640,520,1011,172,917,141,136,-483,-456,-1027,-556,-698,-687,-686,-689,-926,229,217,325,232,232,232,219,226,313,310,311,277,347,340,442,0,320,-495,-461,-533]} 1. e4 c6 2. Nc3 d5 3. e5 Bf5 4. d3 e6 5. f4 h5 {[#]} 6. Nf3 $146 {B11: Caro-Kann: Two Knights Variation.} ({Predecessor:} 6. Qf3 Nd7 7. Bd2 c5 8. Nge2 Ne7 9. O-O-O g6 10. a3 Nc6 11. h3 Qb6 12. g4 hxg4 13. hxg4 Rxh1 14. Qxh1 Bxg4 {½-½ (46) Kirkman,H-Jenson,N ICC INT 2009}) 6... g6 ({Better is} 6... c5 $15) 7. g3 (7. Qd2 $11) 7... Ne7 (7... h4 $15) 8. h3 $14 {White is slightly better.} Bh6 9. Bg2 c5 10. O-O Nbc6 11. Nb5 Nc8 12. a4 a6 13. Nc3 O-O (13... N8e7 $11) 14. a5 (14. Ne1 $142) 14... Nxa5 $16 15. Nh4 c4 (15... Bg7 $16) 16. Nxf5 $18 exf5 (16... gxf5 $142 17. Qxh5 Bg7) 17. d4 $2 (17. Bxd5 cxd3 18. Qxd3 Ne7 $16) (17. Nxd5 $18 {is more deadly.} Nc6 18. dxc4) 17... Ne7 $16 18. g4 hxg4 19. hxg4 Nac6 20. g5 $36 {[%mdl 2048] White is more active.} Bg7 21. Kf2 Qb6 22. Be3 Qxb2 (22... Rfd8 $14) 23. Qd2 $1 {Hoping for Rfb1.} (23. Nxd5 $6 Nxd5 24. Bxd5 Rfd8 $11) 23... Qb6 24. Rh1 (24. Nxd5 $16 Nxd5 25. Bxd5) 24... Qd8 ({Black should play} 24... Rfd8 $14) 25. Qe2 (25. Kg3 $16) 25... b5 $2 (25... a5 $11) 26. Qf3 $18 Re8 27. Qh3 $2 (27. Nxd5 $18 Nxd5 28. Qxd5) 27... Qb6 $2 {[%mdl 8192]} (27... b4 $17 {keeps the pressure on.} 28. Na4 Kf8) 28. Rad1 $2 (28. Bxd5 $16 b4 29. Rab1 (29. Bxc4 bxc3 30. d5 Qb4 $17) (29. Na4 Qb5 $11)) 28... b4 $2 {[%mdl 8192]} (28... Nb4 $17 29. Rc1 (29. Rb1 $2 Nxc2 30. Bxd5 Rad8 $19) 29... a5) 29. Nxd5 Nxd5 30. Bxd5 Rad8 {[#]} (30... b3 $142 31. Qh7+ Kf8 32. Bxf7 {[%mdl 64] Clearance} Kxf7) 31. Qh7+ $1 ({Weaker is} 31. Bxc4 Nxd4 32. Bb3 Qc5 $18) 31... Kf8 {[#]} 32. Bxc4 $2 (32. Bxf7 $1 $18 {[%mdl 512] Threatening mate with Qg8+.} Kxf7 33. d5 {[%mdl 64] Discovered Attack}) 32... Nxd4 $16 {Strongly threatening ...Qc6.} 33. c3 $2 {[%mdl 8192]} (33. Bb3 $1 $16 {stays on course.}) 33... bxc3 $19 {[%cal Bb4c3,Bc3c2][%mdl 32]} 34. Rb1 (34. Be2 $142 a5 35. Qh3) 34... Qc5 35. Bd3 c2 36. Rbc1 {White hopes to continue with Bxc2.} Qc3 37. Bxa6 Ne2 $4 {[%mdl 8192]} (37... Qc6 $19 {( -> ...Qf3+)} 38. Qh3 Qxa6) 38. Bxe2 $18 Rd2 (38... Rb8 {was necessary.} 39. Rhe1 Rb3) 39. Bxd2 Qxd2 40. Qh3 Qxf4+ 41. Qf3 Qxe5 {aiming for ...Qd4+.} 42. Rxc2 Qd4+ 43. Kf1 Qe5 44. Qa3+ Qe7 45. Qf3 Qe5 $1 46. Rh8+ $4 {[%mdl 8192]} (46. Kg2 $18 {avoids the disaster.}) 46... Bxh8 $19 47. Qa3+ {[%mdl 32768] Accuracy: White = 40%, Black = 36%. . Loss on time!?} 1-0

[Event "Stay Safe Play From Home 361"]
[Site "Emanuel Lasker Arena"]
[Date "2020.08.06"]
[Round "9"]
[White "AChessPlayer"]
[Black "Nuktotitakoi"]
[Result "1-0"]
[WhiteElo "2415"]
[BlackElo "2480"]
[Annotator "TA"]
[PlyCount "77"]
[EventDate "2020.08.06"]
[EventType "swiss (blitz)"]

{[%evp 15,77,0,4,-22,-20,-20,-15,-60,-57,-120,-89,-102,-29,-29,-14,-14,4,8,49,31,57,16,138,-31,-17,0,7,0,0,0,0,0,-12,-13,0,0,0,0,118,-32,111,116,389,358,383,396,370,392,381,382,388,325,1752,1652,1238,1239,29987,29988,29988,29989,29989,29990,29990,555]} 1. Nf3 d6 2. g3 Nf6 3. Bg2 g6 4. O-O Bg7 5. d3 O-O 6. e4 c5 7. Nbd2 Nc6 {[%cal Bb8c6,Bc6d4,Bd4f3][%mdl 32]} 8. Re1 Rb8 9. Nc4 {A05: Réti Opening: 1 Nf3 Nf6.} b5 10. Ne3 e6 {[#]} 11. g4 $146 {The position is equal.} ({Predecessor:} 11. Nh4 Bb7 12. f4 Re8 13. Rf1 Nd7 14. Qg4 b4 15. Qh3 Nd4 16. Bd2 a5 17. Rae1 {1-0 (40) Ozsvath,A-Honfi,K Budapest 1962}) 11... Nd4 12. g5 ({Better is} 12. h3 $15) 12... Nxf3+ 13. Qxf3 {[#]} Nd7 (13... Nh5 $1 $17 14. Ng4 e5) 14. Qg3 $11 Qe7 15. h4 f6 16. f4 fxg5 17. hxg5 b4 18. Bh3 Nb6 {[#]} (18... Bd4 $11 {keeps the balance.}) 19. Kg2 $2 (19. e5 $1 $16) 19... c4 $15 20. Rb1 Bb7 21. b3 cxd3 22. cxd3 Nd7 23. Bd2 Nc5 24. Nc4 d5 25. exd5 Bxd5+ 26. Kh2 Rbd8 (26... Bc3 $11) 27. Re2 (27. Bxb4 $16 {aiming for Qe3.} Bd4 28. Rbc1) 27... e5 (27... Bxc4 $15 {keeps the upper hand.} 28. dxc4 Rd3) 28. Nxe5 $16 Bxe5 $4 {[%mdl 8192] Now Black is done in.} (28... a5 $16 {is a better defense.}) 29. Rxe5 $18 Qf7 30. Rbe1 {[%cal Bb1e1,Be1e5,Be5e7][%mdl 32]} Rfe8 31. Bxb4 Rxe5 32. Rxe5 ({Weaker is} 32. fxe5 Ne6 $18) 32... Ne6 33. Qe3 Nxf4 $2 {[#]} (33... Qxf4+ 34. Qxf4 Nxf4) 34. Re7 $1 Qf8 35. Bd7 {Intending Qe5 and mate.} Nh5 36. Be6+ {White mates.} Bxe6 37. Qxe6+ Kh8 38. Bc3+ Ng7 39. Bxg7+ {Accuracy: White = 63%, Black = 46%.} 1-0

[Event "Stay Safe Play From Home 361"]
[Site "Emanuel Lasker Arena"]
[Date "2020.08.06"]
[Round "9"]
[White "Lamborghini"]
[Black "Klasman"]
[Result "1-0"]
[WhiteElo "2294"]
[BlackElo "1402"]
[Annotator "TA"]
[PlyCount "51"]
[EventDate "2020.08.06"]
[EventType "swiss (blitz)"]

{[%evp 9,50,67,60,63,65,58,70,69,79,0,73,62,56,-17,-21,-22,-36,-96,-41,-153,-146,-158,-145,-150,-161,-173,-170,-161,-170,-170,-180,-167,0,0,0,0,808,806,1325,1315,2204,2070,29999]} 1. e4 f5 2. exf5 Nf6 3. g4 {[#]} h6 $146 ({Predecessor:} 3... d6 4. g5 Ne4 5. Qh5+ Kd7 6. d3 Nc5 7. d4 Nca6 8. Nf3 c6 9. Bd2 Kc7 {1-0 (21) Jakobeit,D-Alker,D Braunschweig 2003}) 4. Bg2 d5 5. h3 e6 6. fxe6 {B00: Queen's Fianchetto Defence, Nimzowitsch Defence.} Bxe6 7. Ne2 Bd6 8. d4 {White is slightly better.} O-O 9. Bf4 ({White should try} 9. Nbc3 $16) 9... Bxf4 (9... Nxg4 $1 $11 {keeps the balance.} 10. Bxd6 Nxf2 {[%mdl 64] Double Attack}) 10. Nxf4 $16 Qd6 11. Nxe6 (11. Ne2 $14) 11... Qxe6+ $11 12. Qe2 Qb6 {aiming for ...Re8.} 13. Qd2 {[#]} (13. O-O $15) 13... Qxb2 ({Better is} 13... Re8+ $1 $17 14. Kd1 Ne4 15. Bxe4 Rxe4) 14. Qc3 ({White must play} 14. O-O $1 $15) 14... Qc1+ $17 15. Ke2 Re8+ 16. Kf3 Qg5 17. Kg3 Ne4+ 18. Bxe4 Rxe4 19. Nd2 {[%cal Bb1d2,Bd2f3,Bf3d4,Bd4f5][%mdl 32]} Qf4+ 20. Kg2 Re2 $2 (20... Rxd4 $19 21. Nf3 Rc4) 21. Nf3 $36 {[%mdl 2048] White is more active.} Nc6 {[#] White must now prevent ...Rae8.} 22. Rae1 $1 {[%cal Re1e2]} Rf8 $2 {[%mdl 8192]} (22... Rae8 $11 23. Qc5 Rxe1 24. Rxe1 Rxe1 25. Qxd5+ Qf7 26. Qxf7+ Kxf7 27. Nxe1 Nxd4) 23. Rxe2 $18 Nxd4 24. Nxd4 ({Stronger than} 24. Qxd4 Qxf3+ 25. Kg1 Qxe2 $17) 24... h5 25. Nf5 {[%csl Gf5][%cal Rc3g7]} hxg4 26. Qxg7# {Accuracy: White = 65%, Black = 68%.} 1-0

[Event "Stay Safe Play From Home 361"]
[Site "Emanuel Lasker Arena"]
[Date "2020.08.06"]
[Round "9"]
[White "SoulofWolf"]
[Black "James Harcourt"]
[Result "1-0"]
[WhiteElo "2287"]
[BlackElo "1333"]
[Annotator "TA"]
[PlyCount "49"]
[EventDate "2020.08.06"]
[EventType "swiss (blitz)"]

{[%evp 9,49,-61,-50,-214,-63,-133,-81,-80,-84,-75,-31,-43,22,25,32,-25,-12,-19,-14,-26,0,-7,30,27,16,11,364,143,414,389,660,498,496,200,947,907,885,797,906,895,892,875]} 1. d4 e5 2. Nf3 e4 3. Nfd2 f5 4. f3 d5 {[#]} 5. fxe4 $146 ({Predecessor:} 5. Nc3 e3 6. Nb3 f4 7. Qd3 Nc6 8. g3 Nb4 9. Qd1 Bf5 10. Ne4 dxe4 11. gxf4 Qh4# {0-1 (11) Hirneise,L (1438)-Frank,W (1892) Grossenseebach 2004}) 5... fxe4 {Threatens to win with ...Nh6.} 6. e3 $2 {[#] A40: Unusual replies to 1 d4.} (6. c4 $15) 6... Nf6 $2 (6... Bd6 $1 $19 {...Qh4+ is the strong threat.} 7. Qe2 (7. Qh5+ $2 g6 $19) 7... Nc6) 7. g3 (7. Be2 $15) 7... Bg4 (7... Ng4 $142 8. Bh3 h5) 8. Be2 $17 {Black is better.} Bxe2 9. Qxe2 Nc6 10. O-O Qd6 (10... h5 $15) 11. c4 $11 dxc4 12. Nxc4 ({White should try} 12. Nc3 $14) 12... Qd7 13. Nc3 O-O-O 14. a3 h5 15. Bd2 $36 {[%mdl 2048] White is more active.} h4 {Black wants to play ...hxg3.} 16. Be1 hxg3 17. Bxg3 Ng4 $2 {[%mdl 8192]} (17... Kb8 $11) 18. Nxe4 $2 (18. d5 $18 {has better winning chances.} Nb8 {[#]} 19. Nb5 $1 {[%mdl 512]} Qxb5 20. Qxg4+ Nd7 21. Rac1) 18... Nxh2 $2 {[%mdl 8192]} (18... Re8 $16) 19. Bxh2 $18 Qh3 $2 (19... Be7 20. Ne5 Nxe5 21. Bxe5 Rh6) 20. Qg2 Qe6 21. Qg3 (21. Ne5 $142) 21... Bd6 $2 (21... Rxh2 22. Qxh2 (22. Kxh2 Qxc4 23. Rac1 Qd5 $18) 22... Qxc4) 22. Ncxd6+ {White is clearly winning.} cxd6 23. Ng5 {[%cal Be4g5,Bg5f7,Bf7d8][%mdl 32]} Qe7 24. Nf7 {[%mdl 64] Double Attack} Rxh2 25. Nxd8 {Accuracy: White = 52%, Black = 28%.} 1-0

[Event "Stay Safe Play From Home 361"]
[Site "Emanuel Lasker Arena"]
[Date "2020.08.06"]
[Round "9"]
[White "Greblah"]
[Black "NTBT_DHS"]
[Result "0-1"]
[WhiteElo "1841"]
[BlackElo "2605"]
[Annotator "TA"]
[PlyCount "46"]
[EventDate "2020.08.06"]
[EventType "swiss (blitz)"]

{[%evp 14,46,108,102,97,97,66,16,-23,0,59,0,0,0,60,-160,-156,-151,-168,-257,-233,-233,-212,-183,-184,-687,-676,-658,-670,-29995,-1543,-29996,-29997,-29997,-29998]} 1. e4 g6 2. d4 Bg7 3. Nc3 d6 4. Be3 Nf6 5. f3 O-O 6. Qd2 c6 7. Bh6 b5 8. h4 Bxh6 {B07: Pirc Defence: Miscellaneous Systems.} 9. Qxh6 e5 {[#]} 10. h5 $146 ({Predecessor:} 10. O-O-O Qe7 11. h5 Nbd7 12. Nh3 Rd8 13. dxe5 dxe5 14. hxg6 fxg6 15. Qg5 Rf8 16. Qd2 {½-½ (26) Brunello,S (2460)-Sarno,S (2354) Cremona 2006}) 10... exd4 {The position is equal.} 11. Nce2 Qe7 ({Much worse is} 11... Nxh5 $6 12. g4 $18) ({Black should try} 11... Qa5+ $11 12. Kd1 Qb4) 12. hxg6 (12. O-O-O $14) 12... fxg6 $11 13. Nxd4 a6 ({Better is} 13... d5 $11 14. O-O-O dxe4) 14. Bd3 $2 (14. O-O-O $1 $14 {stays ahead.}) 14... c5 $17 15. Nde2 c4 16. O-O-O (16. e5 $142 dxe5 17. Be4 (17. Bxg6 $2 hxg6 18. Qxg6+ Qg7 $19) 17... Nxe4 18. fxe4) 16... cxd3 $19 17. Rxd3 Be6 18. Nf4 Nc6 19. Nd5 $2 (19. Nxg6 hxg6 20. Rxd6) 19... Bxd5 20. exd5 {[#]} Nb4 $1 {[%mdl 64] Double Attack} 21. Rd4 Qe1+ 22. Rd1 {[#]} Nd3+ $1 {[%mdl 576] Back Rank} 23. cxd3 Rac8+ {Accuracy: White = 36%, Black = 85%.} 0-1